00325nam a22001217a 450000500170000002000180001708200280003510000140006324500480007725000120012526000510013730000150018820260529125900.0 a9789386070906 24th ed.a530.122bJOS/M aJoshi,A W aMatrices and Tensors in Physics/cA W Joshi a4th ed. aLondonbNew age international publishersc2017 axiii,342p.